<?xml version="1.0" encoding="UTF-8"?><?xml-stylesheet type="text/xsl" href="static/style.xsl"?><OAI-PMH xmlns="http://www.openarchives.org/OAI/2.0/" xmlns:xsi="http://www.w3.org/2001/XMLSchema-instance" xsi:schemaLocation="http://www.openarchives.org/OAI/2.0/ http://www.openarchives.org/OAI/2.0/OAI-PMH.xsd"><responseDate>2026-04-13T02:43:43Z</responseDate><request verb="GetRecord" identifier="oai:www.recercat.cat:2117/132709" metadataPrefix="marc">https://recercat.cat/oai/request</request><GetRecord><record><header><identifier>oai:recercat.cat:2117/132709</identifier><datestamp>2025-07-17T11:10:16Z</datestamp><setSpec>com_2072_1033</setSpec><setSpec>col_2072_452950</setSpec></header><metadata><record xmlns="http://www.loc.gov/MARC21/slim" xmlns:dcterms="http://purl.org/dc/terms/" xmlns:xsi="http://www.w3.org/2001/XMLSchema-instance" xmlns:doc="http://www.lyncode.com/xoai" xsi:schemaLocation="http://www.loc.gov/MARC21/slim http://www.loc.gov/standards/marcxml/schema/MARC21slim.xsd">
   <leader>00925njm 22002777a 4500</leader>
   <datafield ind2=" " ind1=" " tag="042">
      <subfield code="a">dc</subfield>
   </datafield>
   <datafield ind2=" " ind1=" " tag="720">
      <subfield code="a">Martínez Marcos, Amaya</subfield>
      <subfield code="e">author</subfield>
   </datafield>
   <datafield ind2=" " ind1=" " tag="260">
      <subfield code="c">2018</subfield>
   </datafield>
   <datafield ind2=" " ind1=" " tag="520">
      <subfield code="a">The aim of the research is to reveal the relevance and the identity of the modern Spanish school buildings through three unknown and unprotected cases. Three schools which are holders of the values of modern architecture. However, their survival has followed different paths in order to their permanence and transformation. &#xd;
These are projects whose validity remains but in which the pass of the time, and their owners management, have interceded in their actual state. So that we can find different approaches and strategies of transformation in each of them:&#xd;
Preservation and enlargement: “Betània-Patmos School” (Barcelona, 1963-69), Arch. Giráldez, López-Íñigo and Subías. &#xd;
Conversion and enlargement: “Bell-Lloc School Residence” (La Roca, Barcelona, 1964-68), Arch. Baldrich. &#xd;
Preservation and replacement: “Aula European School” (Barcelona, 1968-71), Arch. Cosp. &#xd;
The methodology focuses on the analysis of the original projects, its construction, but also through their particular evolution until nowadays. The final objective is to identify and evaluate potential intervention criteria, applicable to other cases, in order to avoid cases such as demolition.</subfield>
   </datafield>
   <datafield ind2=" " ind1=" " tag="520">
      <subfield code="a">Postprint (author's final draft)</subfield>
   </datafield>
   <datafield tag="653" ind2=" " ind1=" ">
      <subfield code="a">Àrees temàtiques de la UPC::Arquitectura::Tipologies d'edificis</subfield>
   </datafield>
   <datafield tag="653" ind2=" " ind1=" ">
      <subfield code="a">Elementary school buildings - Spain - Catalunya</subfield>
   </datafield>
   <datafield tag="653" ind2=" " ind1=" ">
      <subfield code="a">Architecture, Modern - 20th century - Conservation and restoration</subfield>
   </datafield>
   <datafield tag="653" ind2=" " ind1=" ">
      <subfield code="a">school building</subfield>
   </datafield>
   <datafield tag="653" ind2=" " ind1=" ">
      <subfield code="a">modern architecture</subfield>
   </datafield>
   <datafield tag="653" ind2=" " ind1=" ">
      <subfield code="a">preservation: betàni-patmos school</subfield>
   </datafield>
   <datafield tag="653" ind2=" " ind1=" ">
      <subfield code="a">bell-lloc school residence</subfield>
   </datafield>
   <datafield tag="653" ind2=" " ind1=" ">
      <subfield code="a">aula European school</subfield>
   </datafield>
   <datafield tag="653" ind2=" " ind1=" ">
      <subfield code="a">Escoles primàries - Edificis - Catalunya</subfield>
   </datafield>
   <datafield tag="653" ind2=" " ind1=" ">
      <subfield code="a">Arquitectura moderna - S. XX  - Catalunya - Conservació i restauració</subfield>
   </datafield>
   <datafield ind2="0" ind1="0" tag="245">
      <subfield code="a">RE-ARCH or how to survive as a modern school building</subfield>
   </datafield>
   <datafield ind2="0" ind1="0" tag="245">
      <subfield code="a">RE-ARQ o como sobrevivir como un edificio escolar moderno</subfield>
   </datafield>
</record></metadata></record></GetRecord></OAI-PMH>